000 01101nam0a22002891 4500
001 RU\INFOCOMM_322\NLR\5000202794
005 20260406041140.0
035 _a(NLR Aleph) 009585067
090 _a9215100
_c9215100
100 _a20130227d1969 |||y0rusy50 ca
101 1 _afre
_crus
102 _aRU
105 _ay z |||||
200 1 _aLe lapereau fanfaron
_eConte en 2 actes avec prologue
_fDessins de E. Ratchev
_g[Trad. du russe par Oleg Volkov]
210 _aM.
_c"Progrès"
_d[1969]
215 _a80 с.
_cцв. ил.
_d28 см
225 1 _aLittérature soviétique pour l'enfance et l'adolescence pour les tout petits
300 _aНа обл. перед загл. авт.: Par Serguéi Mikhalkov
300 _aНа 4-й с. обл.: Сергей Михалков. Зайка-зазнайка
620 _aМосква
686 _aДл930-1700
_2rubbk
700 1 _8rus
_7ca
_aMichalkov
_bS. V.
_f1913-2009
_gSergej Vladimirovič
_3RU\NLR\AUTH\771590
_9111611
801 1 _aRU
_bInfocomm
_c20130227
801 0 _aRU
_bINFOCOMM
_gPSBO
852 _aNLR
_jДл01 Д-8/88
942 _cBOOK
980 _aNB